Normal view
MARC view
- Khan, Usama
Entry Personal Name
001 - CONTROL NUMBER
- control field: 21086
003 - CONTROL NUMBER IDENTIFIER
- control field: NUST
005 - DATE AND TIME OF LATEST TRANSACTION
- control field: 20190923124215.0
008 - FIXED-LENGTH DATA ELEMENTS
- fixed length control field: 190923|| aca||aabn | a|a d
040 ## - CATALOGING SOURCE
- Original cataloging agency: NUST
- Transcribing agency: NUST
100 ## - HEADING--PERSONAL NAME
- Personal name: Khan, Usama
670 ## - SOURCE DATA FOUND
- Source citation: Work cat.: (NUST): Khan, Usama, Laser Welding of Dissimilar Materials (Stainless Steel 316L To Titanium TI-6AL-4V) /, 2015.
